Normal view
MARC view
Entry Personal Name
001 - CONTROL NUMBER
- control field: 345994
003 - CONTROL NUMBER IDENTIFIER
- control field:
005 - DATE AND TIME OF LATEST TRANSACTION
- control field: 20210602105853.0
008 - FIXED-LENGTH DATA ELEMENTS
- fixed length control field: 210602|| aca||aabn | a|a d
040 ## - CATALOGING SOURCE
- Original cataloging agency:
- Transcribing agency:
100 ## - HEADING--PERSONAL NAME
- Personal name: Panagariya, Arvind
670 ## - SOURCE DATA FOUND
- Source citation: Work cat.: (): Bhagwati, Jagdish N., 1934- 335844, Lectures on international trade /, 2003
